Emerging trends in Life Sciences/ (Record no. 212951)

MARC details
000 -LEADER
fixed length control field 00645nam a22001937a 4500
005 - DATE AND TIME OF LATEST TRANSACTION
control field 20250808112451.0
010 ## - LCCN (DPL NO)
LC control number ENG-146373
020 ## - INTERNATIONAL STANDARD BOOK NUMBER
Terms of availability 450.00
International Standard Book Number 9789361633065
035 ## - SYSTEM CONTROL NUMBER
System control number EN-129905
037 ## - SOURCE OF ACQUISITION
Source of stock number/acquisition DBAD
082 ## - DEWEY DECIMAL CLASSIFICATION NUMBER
Classification number 333.9516
Edition number 1
245 ## - TITLE STATEMENT
Title Emerging trends in Life Sciences/
Statement of responsibility, etc Edited By Vijaya Tartte [and] M. Nagalakshmi Devamma
250 ## - EDITION STATEMENT
Edition statement 1
260 ## - PUBLICATION, DISTRIBUTION, ETC. (IMPRINT)
Place of publication, distribution, etc Madurai
Name of publisher, distributor, etc Shanlax Publications
Date of publication, distribution, etc 2025
270 ## - ADDRESS
Address 61, T.P.K., Main Road, Vasantha Nagar
City Madurai
Postal code 625003
Electronic mail address shanlax_1990@yahoo.com
300 ## - PHYSICAL DESCRIPTION
Extent 320p.
Dimensions 25cm(pb)
700 ## - ADDED ENTRY--PERSONAL NAME
Personal name Devamma, M. Nagalakshmi
Relator term Editor
9 (RLIN) 83963
942 ## - ADDED ENTRY ELEMENTS (KOHA)
Source of classification or shelving scheme Dewey Decimal Classification
Item type English Books
Classification part 333.9516
Call number suffix EME
Holdings
Withdrawn status Lost status Not for loan Collection code Home library Current library Date acquired Source of acquisition Cost, normal purchase price Full call number Barcode Copy number Cost, replacement price Koha item type
      Non-fiction Mobile Library Mobile Library 08/08/2025 Delivery of Books Act Division 450.00 333.9516 EME EN-129905 1 450.00 English Books

© Delhi Public Library
Hit Counter
free hit counter